00918 2200313 4500001002100000005001500021035002000036007000300056008004100059040001700100100002600117245011700143250000900260300003400269020002200303041000800325082001400333084002000347090002400367260003700391500002900428650001400457700002700471850001000498990002400508990002400532990002400556990002400580INLIS00000000000278020260531121723 a0010-0720000063ta260531 0  aSBPUPADbInd0 aYohanes Wahyu Saronto1 aIntilijen :bTeori Intilijen dan Pembngunan Jaringan Edisi VIII /cYohanes Wahyu Saronto; Editor, Arie Prabawati aEd.1 axiv 291 hlm :bilus. ;c23 cm a978-979-29-6996-207aInd a355.343.2 a355.343.2 WAH i a355.753.2 WAH i 3-3 aYogyakarta :bAndi Offset,c2018 aBiodata Penulis, hlm 291 4aIntelijen0 aEditor, Arie Prabawati aPUPAD a33.372/DAK/DPK/2019 a33.371/DPK/DPK/2019 a33.373/DPK/DPK/2019 a33.374/DPK/DPK/2019